23rd Psalm Click-a-long Quiz Stats

 Plays Quiz Updated Nov 30, 2017

Score 0/21 Timer 03:00
14 Plays Today
% Correct
???
100%
???
88.9%
???
68.5%
???
58.3%
???
44.2%
???
38.1%
???
26.9%
???
22.8%
???
22.4%
???
21.7%
???
19.6%
% Correct
???
14.5%
???
14.1%
???
12.2%
???
10.6%
???
9.3%
???
9.1%
???
9%
???
8.6%
???
8.6%
???
8.5%

You're not logged in!

Compare scores with friends on all Sporcle quizzes.
OR
Log In

Show Comments

Extras

Top Quizzes Today


Score Distribution

Your Account Isn't Verified!

In order to create a playlist on Sporcle, you need to verify the email address you used during registration. Go to your Sporcle Settings to finish the process.

Report this User

Report this user for behavior that violates our Community Guidelines.

Details: